000 00402nam a2200133Ia 4500
008 220217s9999||||xx |||||||||||||| ||und||
020 _a978-81-8333-257-6
082 _a658.404 KOI
100 _aKoirala, Shivaprasad and Sheikh, Shaam
245 0 _aProject management interview questions
260 _aBPB publications
_bNew Delhi
_c2008
300 _aXX,207p.;28cm
_b180
650 _aMANAGEMENT
999 _c180624
_d180624